Statistics for NCAA College Baseball Teams Quiz

Click here to take the quiz!

General Stats

  • This quiz has been taken 3,859 times
    (838 since last reset)
  • The average score is 139 of 300

Answer Stats

ConferenceSchool% Correct
SECTexas
90%
SECFlorida
88%
SECAlabama
87%
Big TenMichigan
86%
SECGeorgia
84%
ACCNorth Carolina
84%
Mid-AmericanOhio
84%
SECOle Miss
84%
SECLSU
83%
SECOklahoma
83%
ACCFlorida State
82%
Pac-12Oregon
82%
SECTennessee
82%
Pac-12Arizona
80%
Big TenMichigan State
80%
Pac-12UCLA
80%
Pac-12Washington
80%
SECKentucky
79%
Big TenOhio State
79%
Ivy LeaguePenn
79%
SECSouth Carolina
79%
Pac-12USC
79%
Pac-12Arizona State
78%
SECArkansas
78%
Big TenNebraska
78%
Big 12Oklahoma State
78%
Pac-12Oregon State
78%
Big 12Texas Tech
78%
SECVanderbilt
78%
Pac-12California
77%
Big TenIowa
77%
ACCMiami (Florida)
77%
Mid-AmericanMiami of Ohio
77%
SECMississippi State
77%
SECMissouri
77%
SECTexas A&M
77%
Ivy LeagueHarvard
76%
Big TenIllinois
76%
Big 12Kansas
76%
Big TenIndiana
75%
Big TenPenn State
75%
Pac-12Washington State
75%
ACCClemson
74%
ACCVirginia
74%
SECAuburn
73%
Ivy LeagueYale
73%
ACCDuke
72%
Big 12Kansas State
72%
Pac-12Utah
72%
ACCNC State
70%
Big TenNorthwestern
70%
Big 12BYU
69%
ACCGeorgia Tech
69%
Big TenMaryland
69%
Pac-12Stanford
69%
Big EastUConn
69%
Big TenMinnesota
68%
Big TenRutgers
68%
ACCVirginia Tech
68%
ACCWake Forest
68%
ACCBoston College
67%
Ivy LeaguePrinceton
67%
Big 12West Virginia
67%
Ivy LeagueBrown
66%
Big 12Houston
66%
Sun BeltLouisiana
66%
Big 12TCU
66%
Big 12UCF
66%
Big 12Baylor
65%
ACCLouisville
65%
ACCNotre Dame
65%
West CoastSan Diego
65%
Mountain WestNew Mexico
64%
Mountain WestAir Force
63%
Patriot LeagueArmy
63%
Ivy LeagueColumbia
63%
Patriot LeagueNavy
63%
ACCPitt
63%
Big TenPurdue
63%
SWACSouthern
62%
Atlantic 10UMass
62%
Ivy LeagueDartmouth
61%
America EastMaine
61%
Big 12Cincinnati
60%
Ivy LeagueCornell
60%
Sun BeltGeorgia State
60%
Mountain WestNevada
60%
Missouri ValleyIndiana State
59%
Mountain WestSan Diego State
59%
Conference USANew Mexico State
57%
AmericanTulane
56%
Mountain WestUNLV
56%
AmericanUSF
56%
Mid-AmericanAkron
55%
Sun BeltCoastal Carolina
55%
West CoastGonzaga
55%
Big WestHawaiʻi
55%
SWACJackson State
55%
AmericanMemphis
55%
Sun BeltTexas State
55%
Sun BeltArkansas State
54%
Mid-AmericanCentral Michigan
54%
Mid-AmericanEastern Michigan
54%
AmericanFAU
54%
Missouri ValleyMissouri State
53%
Mid-AmericanWestern Michigan
53%
Big EastGeorgetown
52%
AmericanUTSA
52%
Big EastVillanova
52%
Big EastCreighton
51%
The SummitNorth Dakota State
51%
Mid-AmericanToledo
51%
AmericanUAB
51%
Atlantic 10Rhode Island
50%
AmericanRice
50%
Coastal AthleticDelaware
49%
AmericanEast Carolina
49%
Mountain WestFresno State
49%
ASUNJacksonville
49%
Mid-AmericanKent State
49%
Mid-AmericanNIU
49%
Horizon LeagueNorthern Kentucky
49%
West CoastSan Francisco
49%
SWACAlabama State
48%
Sun BeltSouthern Miss
48%
Conference USAFIU
47%
West CoastPortland
47%
Mountain WestSan Jose State
47%
The SummitSouth Dakota State
47%
Big WestUC Irvine
47%
Missouri ValleyUIC
47%
Conference USAWKU
47%
Sun BeltGeorgia Southern
46%
Sun BeltJames Madison
46%
Big EastSt. John's
46%
Big WestUC Santa Barbara
46%
Mid-AmericanBall State
45%
Missouri ValleyIllinois State
45%
Atlantic 10Saint Louis
45%
AmericanWichita State
45%
Big EastXavier
45%
America EastAlbany
44%
Mid-AmericanBowling Green
44%
Big EastButler
44%
Atlantic 10Dayton
44%
SouthernETSU
44%
Conference USALiberty
44%
Conference USALouisiana Tech
44%
Big WestUC Davis
44%
AmericanCharlotte
43%
Coastal AthleticNortheastern
43%
Horizon LeagueOakland
43%
West CoastSaint Mary's
43%
Sun BeltSouth Alabama
43%
West CoastLoyola Marymount
42%
Missouri ValleySouthern Illinois
42%
Sun BeltAppalachian State
41%
Big WestCal State Fullerton
41%
Atlantic 10George Washington
41%
WACGrand Canyon
41%
Sun BeltLouisiana–Monroe
41%
Atlantic 10Richmond
41%
Big WestLong Beach State
40%
WACSeattle
40%
Coastal AthleticCharleston
39%
SWACGrambling State
39%
Sun BeltMarshall
39%
WACStephen F. Austin
39%
Sun BeltTroy
39%
ASUNEKU
38%
Atlantic 10George Mason
38%
West CoastPepperdine
38%
WACSacramento State
38%
Big EastSeton Hall
38%
Big WestUC Riverside
38%
America EastUMBC
38%
Conference USAJacksonville State
37%
ASUNNorth Florida
37%
The SummitOmaha
37%
The SummitOral Roberts
37%
SWACAlabama A&M
36%
America EastBinghamton
36%
ASUNFGCU
36%
SWACFlorida A&M
36%
Patriot LeagueLafayette
36%
Ohio ValleyLittle Rock
36%
ASUNStetson
36%
Big WestCal Poly
35%
Big WestCSU Bakersfield
35%
ASUNNorth Alabama
35%
Metro AtlanticSaint Peter's
35%
Conference USASam Houston
35%
Coastal AthleticUNC Wilmington
35%
Coastal AthleticWilliam & Mary
35%
Atlantic 10Davidson
34%
Ohio ValleyEastern Illinois
34%
SouthlandNew Orleans
34%
Sun BeltOld Dominion
34%
Atlantic 10VCU
34%
ASUNAustin Peay
33%
Patriot LeagueBucknell
33%
NortheastDelaware State
33%
Patriot LeagueHoly Cross
33%
NortheastLIU
33%
America EastNJIT
33%
Atlantic 10Saint Joseph's
33%
ASUNCentral Arkansas
32%
ASUNKennesaw State
32%
Patriot LeagueLehigh
32%
Ohio ValleyTennessee Tech
32%
America EastUMass Lowell
32%
SouthernUNC Greensboro
32%
Horizon LeagueMilwaukee
31%
SouthernSamford
31%
SouthernThe Citadel
31%
SouthernVMI
31%
Ohio ValleyWestern Illinois
31%
America EastBryant
30%
Coastal AthleticCampbell
30%
SouthlandTAMU–Corpus Christi
30%
SWACTexas Southern
30%
Atlantic 10Fordham
29%
SouthlandMcNeese
29%
Conference USAMiddle Tennessee State
29%
West CoastSanta Clara
29%
Atlantic 10St. Bonaventure
29%
Big SouthUNC Asheville
29%
Horizon LeagueYoungstown State
29%
SWACArkansas–Pine Bluff
28%
Big WestCal State Northridge
28%
Coastal AthleticElon
28%
Metro AtlanticIona
28%
SouthernMercer
28%
NortheastNorfolk State
28%
West CoastPacific
28%
Coastal AthleticStony Brook
28%
SouthernWestern Carolina
28%
Metro AtlanticManhattan
27%
Coastal AthleticMonmouth
27%
WACAbilene Christian
26%
Missouri ValleyBelmont
26%
NortheastCentral Connecticut
26%
Coastal AthleticHofstra
26%
SouthlandLamar
26%
Metro AtlanticNiagara
26%
Ohio ValleySoutheast Missouri
26%
Big WestUC San Diego
26%
SouthernWofford
26%
Metro AtlanticFairfield
25%
NortheastFairleigh Dickinson
25%
Big SouthLongwood
25%
Metro AtlanticMarist
25%
Missouri ValleyMurray State
25%
The SummitSt. Thomas
25%
Coastal AthleticTowson
25%
Big SouthUSC Upstate
25%
Missouri ValleyBradley
24%
Conference USADallas Baptist
24%
Missouri ValleyEvansville
24%
Big SouthHigh Point
24%
ASUNLipscomb
24%
Ohio ValleyMorehead State
24%
Coastal AthleticNorth Carolina A&T
24%
Horizon LeaguePurdue Fort Wayne
24%
Metro AtlanticQuinnipiac
24%
Big SouthRadford
24%
WACUT Arlington
24%
WACUTRGV
24%
SWACAlcorn State
23%
Metro AtlanticCanisius
23%
Big SouthCharleston Southern
23%
SWACMississippi Valley State
23%
Metro AtlanticMount St. Mary's
23%
Metro AtlanticRider
23%
NortheastSacred Heart
23%
WACUtah Valley
23%
NortheastWagner
23%
ASUNBellarmine
22%
SWACBethune–Cookman
22%
SouthlandNicholls
22%
Metro AtlanticSiena
22%
WACUtah Tech
22%
Ohio ValleyUT Martin
22%
Missouri ValleyValparaiso
22%
Horizon LeagueWright State
22%
WACCalifornia Baptist
21%
Big SouthGardner–Webb
21%
SouthlandIncarnate Word
21%
The SummitNorthern Colorado
21%
SouthlandNorthwestern State
21%
Ohio ValleySIU Edwardsville
20%
NortheastCoppin State
19%
SWACPrairie View A&M
19%
Big SouthPresbyterian
19%
NortheastUMES
19%
SouthlandHouston Christian
18%
NortheastMerrimack
18%
Big SouthWinthrop
18%
SouthlandSoutheastern Louisiana
17%
WACTarleton
17%

Score Distribution

Percentile by Number Answered

Percent of People with Each Score

Your Score History

You have not taken this quiz since the last reset